01357cam a22003374i 450000100090000000300090000900500170001800800410003502000220007602000250009804000430012308200240016610000380019024501160022825000200034426400530036430000600041733600260047733700280050333800270053150000260055850400510058465000600063565000580069565300140075365500170076785600690078494200120085399900170086595201370088212160108EG-ScBUE20250720112554.0000831s2001 enka f b 001 0 eng d a0582382106 (pbk.) a9780582382107 (pbk.) aEG-ScBUEbengerdacEG-ScBUEdEG-ScBUE04a541.220113222bLEA1 aLeach, Andrew R.,923032eauthor.10aMolecular modelling :bprinciples and applications /cAndrew R. Leach, Glaxo Wellcome Research and Development. aSecond edition. 1aHarlow, England :bPearson/Prentice Hall,c2001. axxiii, 744 pages :billustrations (some color) ;c24 cm 2rdacontentatextbtxt aunmediated2rdamediabn avolumebnc2rdacarrier aIncludes Appendices.  aIncludes bibliographical references and index. 7aMolecular structurexComputer simulation.9230332BUEsh 7aMoleculesxModelsxComputer simulation.9230342BUEsh cApril2011 vReading book 3Use the online resources for this bookuhttp://www.booksites.net 2ddccBB c15106d15106 00102ddc40708BaccahaMAINbMAINc1STd2011-04-14ePurchaseg180.00h12084l0o541.220113 LEAp000023236r2025-07-15 00:00:00yBB